Online
Catalog

Cosas de Trujillo y apuntes históricos, biográficos y anecdóticos dominicanos / (Record no. 20911)

MARC details
000 -CABECERA
campo de control de longitud fija 00828nam a2200217 a 4500
001 - NÚMERO DE CONTROL
campo de control 000021411
003 - IDENTIFICADOR DEL NÚMERO DE CONTROL
campo de control DO-SdBNP
005 - FECHA Y HORA DE LA ÚLTIMA TRANSACCIÓN
campo de control 20250630100924.0
008 - DATOS DE LONGITUD FIJA--INFORMACIÓN GENERAL
campo de control de longitud fija 100907t1976 dr ac 001 0bspa d
040 ## - FUENTE DE LA CATALOGACIÓN
Centro catalogador/agencia de origen DO-SdBNP
Lengua de catalogación spa
Centro/agencia transcriptor BNPHU
049 ## - FONDOS LOCALES (OCLC)
Fondos de biblioteca BNPD
082 ## - NÚMERO DE LA CLASIFICACIÓN DECIMAL DEWEY
Número de clasificación 923.17293053
Número de documento/Ítem T866a, 1976
100 1# - ENTRADA PRINCIPAL--NOMBRE DE PERSONA
Nombre de persona Arzeno Rodríguez, Luis,
Fechas asociadas al nombre 1922-
9 (RLIN) 30661
245 10 - MENCIÓN DE TÍTULO
Título Cosas de Trujillo y apuntes históricos, biográficos y anecdóticos dominicanos /
Mención de responsabilidad, etc. Luis Arzeno Rodríguez.
260 ## - PUBLICACIÓN, DISTRIBUCIÓN, ETC.
Lugar de publicación, distribución, etc. Santo Domingo
Fabricante Imprenta Núñez
Fecha de publicación, distribución, etc. 1976.
300 ## - DESCRIPCIÓN FÍSICA
Extensión 120 p. :
Otras características físicas il., retr. ;
Dimensiones 22 cm.
600 10 - PUNTO DE ACCESO ADICIONAL DE MATERIA--NOMBRE DE PERSONA
Nombre de persona Trujillo Molina, Rafael Leónidas,
Fechas asociadas al nombre 1891-1961
Subdivisión de forma Anécdotas, chistes y sátiras, etc.
9 (RLIN) 22667
651 #0 - PUNTO DE ACCESO ADICIONAL DE MATERIA--NOMBRE GEOGRÁFICO
Nombre geográfico República Dominicana
Subdivisión general Historia
Subdivisión cronológica Era de Trujillo, 1930-1961
9 (RLIN) 78796
910 ## - DATOS DE OPCIÓN DEL USUARIO (OCLC)
Datos de opción del usuario Validado. Control de calidad EMS.
942 ## - ELEMENTOS DE PUNTO DE ACCESO ADICIONAL (KOHA)
Fuente del sistema de clasificación o colocación Dewey Decimal Classification
Tipo de ítem Koha Libro
Holdings
Estado de retiro Estado de pérdida No para préstamo Código de colección Localización permanente Ubicación/localización actual Ubicación en estantería Fecha de adquisición Número de inventario Total de préstamos Signatura topográfica completa Código de barras Fecha visto por última vez Precio válido a partir de Tipo de ítem Koha Nota pública
    Excluido de préstamo Patrimonio Dominicano Patrimonio Dominicano Patrimonio Dominicano Depósito 07.09.2010 LF1   923.17293053 T866a, 1976 21411-10 25.06.2020 25.06.2020 Libro y Folleto Colección Patrimonio Dominicano Perteneció a la biblioteca personal de Germán Emilio Ornes.

Powered by Koha